Data structure and algorithms using C… (Record no. 3987)

MARC details
000 -LEADER
fixed length control field 00351nam a2200145Ia 4500
008 - FIXED-LENGTH DATA ELEMENTS--GENERAL INFORMATION
fixed length control field 191201s2019 xx 000 0 und d
082 ## - DEWEY DECIMAL CLASSIFICATION NUMBER
Classification number 005.133
Item number SAD
100 ## - MAIN ENTRY--PERSONAL NAME
Personal name Salaria, R.S.
245 #0 - TITLE STATEMENT
Title Data structure and algorithms using C…
250 ## - EDITION STATEMENT
Edition statement 4th
260 ## - PUBLICATION, DISTRIBUTION, ETC. (IMPRINT)
Place of publication, distribution, etc N.Delhi
Name of publisher, distributor, etc Khanna Publisher
300 ## - PHYSICAL DESCRIPTION
Extent 522
650 ## - SUBJECT ADDED ENTRY--TOPICAL TERM
Topical term or geographic name as entry element MCA
942 ## - ADDED ENTRY ELEMENTS (KOHA)
Source of classification or shelving scheme Dewey Decimal Classification
Koha item type Text Books
942 ## - ADDED ENTRY ELEMENTS (KOHA)
-- 1
Holdings
Withdrawn status Lost status Source of classification or shelving scheme Damaged status Not for loan Collection code Home library Current library Date acquired Source of acquisition Cost, normal purchase price Bill Number Total Checkouts Full call number Acc. no. / Barcode Date last seen Date last borrowed Bill Date Koha item type
    Dewey Decimal Classification     Computer Science and Engineering in AI & Machine Learning PIET C-LIBRARY PIET C-LIBRARY 20/07/2009 J B C, New Delhi 522.00 SI-1460 1 005.133 SAD 12576 05/12/2022 21/11/2022 11/07/2009 Text Books

Design & Developed by: PIET Central Library
R70 Miles Stone Pattikalyana Samalkha Panipat 132102
mail ID :- [email protected], Phone No:- 0180-2569700 Ex.216